000 00295nam a22001337a 4500
008 181019b xxu||||| |||| 00| 0 eng d
020 _a0139305947
041 _aeng
080 _a610
100 _a3
101 _ashm
245 _aThe Treatment Of Stuttering
_cRiper.CH.V
942 _2udc
_cBK
999 _c50256
_d50256